000 00653nam a2200241 i 4500
001 C2-0250522
003 PPAK
005 20180727214214.0
008 030706s2002 my |||| ||||| | may d
020 _a983627118X
040 _aPPAK
_beng
_cPPAK
_erda
082 0 4 _a621.3692
_223
090 0 0 _a621.3692
_bPRI
_dG
245 0 0 _aPrinsip asas dan kegunaan sains gentian optik
264 1 _aKuala Lumpur :
_bDewan Bahasa dan Pustaka ,
_c2002
300 _axi, 127 pages ;
_c22 cm
336 _2rdacontent
_atext
337 _2rdamedia
_aunmediated
338 _2rdacarrier
_avolume
650 1 0 _aOptical fibres
700 _eauthor
942 _ddc
_cB
999 _c63867
_d63867